Statistics for WWE Wrestlers In 2014-15.

Click here to take the quiz!

General Stats

  • This quiz has been taken 89 times
  • The average score is 29 of 56

Answer Stats

Answer% Correct
John Cena
90%
Roman Reigns
90%
Dean Ambrose
89%
Kane
86%
Seth Rollins
84%
Randy Orton
83%
The Undertaker
81%
Bray Wyatt
78%
Kofi Kingston
76%
Luke Harper
76%
The Miz
76%
Big Show
75%
Daniel Bryan
75%
Big E
73%
Erick Rowan
73%
Brock Lesnar
71%
Triple H
71%
Dolph Ziggler
70%
Sheamus
68%
Xavier Woods
65%
Cesaro
63%
Kevin Owens
63%
Jey Uso
60%
Jimmy Uso
60%
Rusev
59%
Goldust
54%
Mark Henry
52%
Stardust
52%
Chris Jericho
51%
Heath Slater
49%
Ryback
48%
Titus O'neil
48%
Bo Dallas
46%
Sin Cara
46%
Darren Young
44%
Jack Swagger
44%
Adrian Neville
43%
R-Truth
38%
Kalisto
37%
Zach Ryder
35%
Adam Rose
33%
Fandango
33%
Curtis Axel
32%
The Rock
30%
Tyson Kidd
29%
Christian
24%
Konnor
21%
Viktor
21%
Diego
19%
Fernando
17%
David Otunga
14%
Hornswoggle
14%
El Torito
10%
Wade Barett
10%
Alex Riley
3%
Macho Mandow
2%

Score Distribution

Percentile by Number Answered

Percent of People with Each Score

Your Score History

You have not taken this quiz